000 00754nam a2200265 a 4500
001 000042571
003 000042571
005 20180316150317.0
008 140128s2008 dr 000 0 spa d
020 _a9789945427486
040 _aBPMSU
_bspa
_cBPMSU
082 4 _aRD863.44
_bF825a
092 _2
100 1 _aFranco, Federico
245 1 0 _aAhora o nunca /
_cFederico Franco.
260 _aSanto Domingo :
_bMediabyte,
_c2008.
300 _a283 p. ;
_c22 cm.
500 _aIncluye datos biográficos del autor en las solapas
650 4 _aNOVELA DOMINICANA
650 4 _aLITERATURA DOMINICANA
942 _2ddc
_cBK
945 _aRemanejado para la BNPHU, 2018 / BT
956 _aVMATEO
_b
_c20160920
_dBPMSU
_f0069
956 _aMFILETO
_a40
999 _c7091
_d7091